000 00556nam a2200229Ia 4500
003 OSt
005 20220923230042.0
006 a|||||r|||| 00| 0
007 ta
008 Pun
024 _a277,022
037 _cTextual
040 _aARTS
_cARTS
_bPun
041 _2Pun
_aPun
082 _aO153,3N17,NT, J1
100 _aਦੁੱਗਲ
245 0 _aਨੂੰ ਤੇ Fਾਸ
260 _c1951
650 _aਪੰਜਾਬੀ ਸਾਹਿਤ
942 _hO153,3N17,NT, J1
_cTEXL
_2CC
999 _c382146
_d382146